UK Towns Quiz - Lisburn and Castlereagh - Northern Ireland - Statistics

General Stats
  • This quiz has been taken 31 times
  • The average score is 4 of 13
Answer Stats
Clue Town Population % Correct
L Lisburn 45,410
100%
D Dundonald 15,365
63%
H Hillsborough 3,953
56%
C Carryduff 6,947
44%
M Moira 4,584
44%
M Maghaberry 2,468
31%
D Derriaghy 4,820
19%
N Newtownbreda 15,005
19%
A Annahilt 1,045
13%
D Dromara 1,006
13%
G Glenavy 1,791
13%
M Moneyreagh 1,379
13%
M Milltown 1,499
6%
No matching quizzes found
Score Distribution
Percent of People with Each Score
Percentile by Number Answered
Your Score History
You have not taken this quiz